000 00328 a2200157 4500
001 62619
020 _a
040 _cAnchieta - Pituba
100 _aGouveia, Luis Augusto
240 1 0 _aSonhos de Ícaro
_lpor
245 1 0 _aSonhos de Ícaro
300 _a33
362 0 _a2001
650 4 _aLiteratura juvenil
942 _cBK
999 _c62619
_d62619